ALONG THESE LINES WRITING PARAGRAPHS AND ESSAYS (Record no. 59259)
[ view plain ]
| 000 -LEADER | |
|---|---|
| fixed length control field | 00359nam a22001457a 4500 |
| 008 - FIXED-LENGTH DATA ELEMENTS--GENERAL INFORMATION | |
| fixed length control field | 230124b ||||| |||| 00| 0 eng d |
| 020 ## - INTERNATIONAL STANDARD BOOK NUMBER | |
| International Standard Book Number | 9780321984005 |
| 041 ## - LANGUAGE CODE | |
| Language code of text/sound track or separate title | eng |
| 080 ## - UNIVERSAL DECIMAL CLASSIFICATION NUMBER | |
| Edition identifier | SEVENTH EDITION |
| Universal Decimal Classification number | 37 |
| 082 ## - DEWEY DECIMAL CLASSIFICATION NUMBER | |
| Classification number | 37BIA |
| 100 ## - Rafti | |
| Rafti | 22.2 |
| 101 ## - Shkurtesa | |
| Shkurtesa | EDUK |
| 245 ## - TITLE STATEMENT | |
| Title | ALONG THESE LINES WRITING PARAGRAPHS AND ESSAYS |
| Statement of responsibility, etc | BIAYS SHE J |
| 942 ## - ADDED ENTRY ELEMENTS (KOHA) | |
| Source of classification or shelving scheme | |
| Item type | Books |
| Withdrawn status | Lost status | Source of classification or shelving scheme | Damaged status | Not for loan | Collection code | Permanent location | Current location | Date acquired | Total Checkouts | Full call number | Barcode | Date last seen | Price effective from | Koha item type |
|---|---|---|---|---|---|---|---|---|---|---|---|---|---|---|
| Koleksioni i përgjithshem | UBT - Lipjan | UBT - Lipjan | 01/24/2023 | 37BIA | 003-36 | 01/24/2023 | 01/24/2023 | Books | ||||||
| Koleksioni i përgjithshem | UBT - Lipjan | UBT - Lipjan | 01/24/2023 | 37BIA | 003-37 | 01/24/2023 | 01/24/2023 | Books | ||||||
| Koleksioni i përgjithshem | UBT - Lipjan | UBT - Lipjan | 05/08/2023 | 37BIA | 002-800080104 | 05/08/2023 | 05/08/2023 | Books | ||||||
| Koleksioni i përgjithshem | UBT - Lipjan | UBT - Lipjan | 05/08/2023 | 37BIA | 002-800080105 | 05/08/2023 | 05/08/2023 | Books | ||||||
| Koleksioni i përgjithshem | UBT - Lipjan | UBT - Lipjan | 05/08/2023 | 37BIA | 002-800080106 | 05/08/2023 | 05/08/2023 | Books | ||||||
| Koleksioni i përgjithshem | UBT - Lipjan | UBT - Lipjan | 05/08/2023 | 37BIA | 002-800080107 | 05/08/2023 | 05/08/2023 | Books | ||||||
| Koleksioni i përgjithshem | UBT - Lipjan | UBT - Lipjan | 05/08/2023 | 37BIA | 002-800080136 | 05/08/2023 | 05/08/2023 | Books |